| 000 | 00423nam a2200121Ia 4500 | ||
|---|---|---|---|
| 008 | 220620s9999||||xx |||||||||||||| ||und|| | ||
| 100 | _aNils-Axel M?rner | ||
| 245 | 4 | _aThe Tsunami Threat - Research and Technology | |
| 546 | _aEnglish[eng] | ||
| 650 | _aLife Sciences||Earth Science||Earthquake||Environmental Sciences | ||
| 856 | _uhttps://www.intechopen.com/books/the-tsunami-threat-research-and-technology | ||
| 942 | _cEB | ||
| 999 |
_c33378 _d33378 |
||